| 000 | 00357nam a2200145Ia 4500 | ||
|---|---|---|---|
| 008 | 150201s2014 xx 000 0 und d | ||
| 082 |
_a614 _bN14K |
||
| 100 | _aKISHORE, J. | ||
| 245 | _aNATIONAL HEALTH PROGRAMS OF INDIA | ||
| 250 | _a11TH | ||
| 260 |
_bCENTURY PUB. _aINDIA _c2014 |
||
| 300 | _a1-949 | ||
| 650 | _aCOMMUNITY MEDICINE | ||
| 942 |
_2ddc _cBK _03 |
||
| 999 |
_c1823 _d1823 |
||